[Event "Players CUP 2008 <1600 DIVISION 2"]
[Site "SchemingMind.com"]
[Date "2008.06.30"]
[Round "-"]
[White "iain"]
[Black "ingbeti"]
[Result "1-0"]
[WhiteCountry "USA"]
[BlackCountry "MEX"]
[WhiteElo "1450"]
[WhiteRD "70"]
[BlackElo "1578"]
[BlackRD "77"]
[GameID "161551"]

1. d4 d5 2. c4 e6 3. Nc3 Nf6 4. cxd5 exd5 5. Bg5 Be7 6. e3 c6 7. Nf3 Bf5 8. Be2 O-O 9. O-O Nbd7 10. Bd3 Bxd3
11. Qxd3 Ne4 12. Bxe7 Qxe7 13. Ne1 Nxc3 14. Qxc3 Qd6 15. b4 a6 16. Nc2 b5 17. a4 bxa4 18. Rxa4 Nb6 19. Raa1 Nc4 20. Na3 Nxa3
21. Rxa3 Rfb8 22. Qc5 Qxc5 23. bxc5 Rb5 24. Rfa1 a5 25. g4 g5 26. Kg2 Kg7 27. Kg3 Kg6 28. f4 f5 29. gxf5+ Kxf5 30. h4 gxh4+
31. Kxh4 h5 32. Rg1 Kf6 33. Rg5 Ke6 34. Kxh5 Rh8+ 35. Kg4 Rh6 36. Re5+ Kf6 37. f5 Rh1 38. Re6+
1-0

[Event "Players CUP 2008 <1600 DIVISION 2"]
[Site "SchemingMind.com"]
[Date "2008.07.01"]
[Round "-"]
[White "ingbeti"]
[Black "iain"]
[Result "0-1"]
[WhiteCountry "MEX"]
[BlackCountry "USA"]
[WhiteElo "1553"]
[WhiteRD "87"]
[BlackElo "1466"]
[BlackRD "70"]
[GameID "161553"]

1. e4 c6 2. d4 d5 3. Nc3 dxe4 4. Nxe4 Nd7 5. Nf3 Ngf6 6. Ng3 e6 7. Bd3 c5 8. O-O cxd4 9. Nxd4 Bc5 10. Nb3 Bb6
11. Re1 O-O 12. Be3 Bxe3 13. Rxe3 Nd5 14. Re2 Nf4 15. Re4 Nxd3 16. Qxd3 b6 17. Rd1 Bb7 18. Rd4 Bc6 19. Rd6 Qc8 20. Nd4 Bb7
21. b4 Ne5 22. Qb5 Nc4 23. Rd7 Bd5 24. Nf3 a6
0-1

[Event "Players CUP 2008 <1600 DIVISION 2"]
[Site "SchemingMind.com"]
[Date "2008.07.01"]
[Round "-"]
[White "palomo"]
[Black "iain"]
[Result "1-0"]
[WhiteCountry "ARG"]
[BlackCountry "USA"]
[WhiteElo "1557"]
[WhiteRD "92"]
[BlackElo "1402"]
[BlackRD "78"]
[GameID "161652"]

1. e4 e5 2. Nf3 Nc6 3. Bb5 a6 4. Ba4 Nf6 5. O-O b5 6. Bb3 Bb7 7. c3 Nxe4 8. d4 Na5 9. Bc2 exd4 10. Qxd4 d5
11. Bf4 Nc6 12. Qd1 Bd6 13. Bxd6 Qxd6 14. Re1 f5 15. Nbd2 O-O-O 16. a4 b4 17. a5 bxc3 18. bxc3 Nxc3 19. Bxf5+ Kb8 20. Qb3 Nb5
21. Bd3 d4 22. Bxb5 axb5 23. Qxb5 Na7 24. Qb2 Ka8 25. Nc4 Qa6 26. Rec1 Bxf3 27. gxf3 Qg6+ 28. Kh1 Rb8 29. Qxd4 Nc6 30. Nb6+ cxb6
31. axb6+
1-0

[Event "Players CUP 2008 <1600 DIVISION 2"]
[Site "SchemingMind.com"]
[Date "2008.07.01"]
[Round "-"]
[White "palomo"]
[Black "ingbeti"]
[Result "1-0"]
[WhiteCountry "ARG"]
[BlackCountry "MEX"]
[WhiteElo "1473"]
[WhiteRD "148"]
[BlackElo "1578"]
[BlackRD "77"]
[GameID "161654"]

1. e4 c5 2. Nf3 e6 3. d4 cxd4 4. Nxd4 Nf6 5. Nc3 Nc6 6. Ndb5 d6 7. Be2 a6 8. Na3 Be7 9. Be3 O-O 10. O-O b5
11. Qd2 d5 12. exd5 exd5 13. Nd1 b4 14. Nb1 Ne4 15. Qe1 d4 16. Bf4 a5 17. Bb5 Bb7 18. Qxe4 Qd7 19. Bd3 Nd8 20. Qxh7#
1-0

[Event "Players CUP 2008 <1600 DIVISION 2"]
[Site "SchemingMind.com"]
[Date "2008.07.01"]
[Round "-"]
[White "iain"]
[Black "palomo"]
[Result "0-1"]
[WhiteCountry "USA"]
[BlackCountry "ARG"]
[WhiteElo "1450"]
[WhiteRD "70"]
[BlackElo "1473"]
[BlackRD "148"]
[GameID "161655"]

1. d4 d5 2. c4 e6 3. Nc3 Nf6 4. Bg5 Be7 5. e3 c6 6. Nf3 Nbd7 7. Bd3 O-O 8. Rc1 Qc7 9. O-O Re8 10. cxd5 exd5
11. a3 h6 12. b4 hxg5 13. Nxg5 Bf8 14. e4 dxe4 15. Ngxe4 Qf4 16. g3 Qh6 17. Nxf6+ Nxf6 18. b5 Ng4 19. h4 g5 20. Kg2 gxh4
21. Be2 h3+ 22. Kh1 Qh5 23. Ne4 Rxe4 24. d5 Rxe2 25. Qxe2 Qxd5+ 26. Kg1 Qg2#
0-1

[Event "Players CUP 2008 <1600 DIVISION 2"]
[Site "SchemingMind.com"]
[Date "2008.07.01"]
[Round "-"]
[White "ingbeti"]
[Black "palomo"]
[Result "1-0"]
[WhiteCountry "MEX"]
[BlackCountry "ARG"]
[WhiteElo "1578"]
[WhiteRD "77"]
[BlackElo "1473"]
[BlackRD "148"]
[GameID "161657"]

1. e4 c5 2. Nc3 e6 3. Nf3 Nc6 4. d4 cxd4 5. Nxd4 Nf6 6. Ndb5 d6 7. Bf4 e5 8. Bg5 Be7 9. Nd5 O-O 10. Bd3 a6
11. Nbc7 Rb8 12. Nxe7+ Qxe7 13. Nd5 Qd8 14. Bxf6 gxf6 15. Qf3 Kg7 16. a3 Nd4 17. Qg3+ Kh8 18. Qh4 Rg8 19. O-O Rg6 20. f4 f5
21. Qxd8+
1-0

[Event "Players CUP 2008 <1600 DIVISION 2"]
[Site "SchemingMind.com"]
[Date "2008.07.03"]
[Round "-"]
[White "scottie"]
[Black "iain"]
[Result "1-0"]
[WhiteCountry "ENG"]
[BlackCountry "USA"]
[WhiteElo "1469"]
[WhiteRD "75"]
[BlackElo "1450"]
[BlackRD "70"]
[GameID "161902"]

1. e4 e5 2. Nf3 Nc6 3. d4 exd4 4. Nxd4 Nf6 5. Nxc6 bxc6 6. Bd3 Be7 7. Be3 Bb7 8. a3 d6 9. Nc3 O-O 10. O-O Re8
11. Qf3 c5 12. b4 Nd7 13. Qg3 g6 14. Ne2 Nf6 15. Nf4 Nxe4 16. Qh3 Bf8 17. Bxe4 Bxe4 18. c3 cxb4 19. axb4 Bf5 20. Qg3 d5
21. Rxa7 Rxa7 22. Bxa7 Qa8 23. Bd4 Bd6 24. Qf3 Re4 25. Nh3 Qa6 26. Qd1 Qb5 27. f3 Re8 28. Qd2 Bxh2+ 29. Kxh2 Qxf1 30. Qf4 c6
31. Qh6
1-0

[Event "Players CUP 2008 <1600 DIVISION 2"]
[Site "SchemingMind.com"]
[Date "2008.07.04"]
[Round "-"]
[White "scottie"]
[Black "ingbeti"]
[Result "0-1"]
[WhiteCountry "ENG"]
[BlackCountry "MEX"]
[WhiteElo "1453"]
[WhiteRD "73"]
[BlackElo "1553"]
[BlackRD "87"]
[GameID "161904"]

1. e4 c5 2. c4 e6 3. Nc3 Nc6 4. d3 Nf6 5. Nf3 d5 6. cxd5 exd5 7. e5 d4 8. exf6 dxc3 9. Qe2+ Be6 10. bxc3 Qxf6
11. Bb2 c4 12. d4 O-O-O 13. Qd3 Bd6 14. Qe3 Rhe8 15. Be2 Bd5 16. Qd2 Bxf3 17. gxf3 Qxf3 18. Kf1 Qxh1#
0-1

[Event "Players CUP 2008 <1600 DIVISION 2"]
[Site "SchemingMind.com"]
[Date "2008.07.02"]
[Round "-"]
[White "scottie"]
[Black "palomo"]
[Result "1-0"]
[WhiteCountry "ENG"]
[BlackCountry "ARG"]
[WhiteElo "1464"]
[WhiteRD "79"]
[BlackElo "1557"]
[BlackRD "92"]
[GameID "161905"]

1. e4 e5 2. Nf3 Nc6 3. d4 exd4 4. Nxd4 Nf6 5. Nxc6 bxc6 6. Bd3 Bb7 7. Nc3 Be7 8. Be3 O-O 9. O-O d6 10. Ne2 Re8
11. Ng3 Bf8 12. Qf3 g6 13. Bg5 Bg7 14. c3 d5 15. Rae1 Qc8 16. Re3 Re6 17. Rfe1 Ba6 18. b3 Bxd3 19. Rxd3 Qa6 20. Qe2 Nxe4
21. Nxe4 Rxe4 22. Be3 Qc8 23. f3 Rh4 24. Qf2 Qa6 25. Red1 Rh5 26. Bf4 Qc8 27. Re3 c5 28. Rde1 Qd7 29. Re7 Qc6 30. Rxc7 Qa6
31. Rxc5 d4 32. cxd4 Rxc5 33. dxc5 Rd8 34. Qe2 Qxe2 35. Rxe2 Rd1+ 36. Kf2 Bd4+ 37. Be3 Bxe3+ 38. Kxe3 Rc1 39. Kd4 Rd1+ 40. Kc4 Rd8
41. c6 Rc8 42. Kd5 Kg7 43. Kd6 Rd8+ 44. Kc7 Rd5 45. Kb7 a5 46. c7 Rd7 47. Kb8
1-0

[Event "Players CUP 2008 <1600 DIVISION 2"]
[Site "SchemingMind.com"]
[Date "2008.07.04"]
[Round "-"]
[White "iain"]
[Black "scottie"]
[Result "1-0"]
[WhiteCountry "USA"]
[BlackCountry "ENG"]
[WhiteElo "1466"]
[WhiteRD "70"]
[BlackElo "1453"]
[BlackRD "73"]
[GameID "161906"]

1. d4 d5 2. c4 dxc4 3. Nc3 Nc6 4. Nf3 Nf6 5. e4 Bg4 6. d5 Ne5 7. Be2 Nxf3+ 8. Bxf3 Bxf3 9. Qxf3 Qd6 10. O-O O-O-O
11. b3 Qa6 12. Bb2 e6 13. bxc4 Qxc4 14. Rfc1 Qc5 15. a4 exd5 16. e5 Nd7 17. Nxd5 Qa5 18. Bc3 Qc5 19. Qe4 Re8 20. Bb4 Qxd5
21. Qxd5 Bxb4 22. Qxf7 Nxe5 23. Qxc7#
1-0

[Event "Players CUP 2008 <1600 DIVISION 2"]
[Site "SchemingMind.com"]
[Date "2008.07.04"]
[Round "-"]
[White "ingbeti"]
[Black "scottie"]
[Result "1-0"]
[WhiteCountry "MEX"]
[BlackCountry "ENG"]
[WhiteElo "1553"]
[WhiteRD "87"]
[BlackElo "1453"]
[BlackRD "73"]
[GameID "161908"]

1. e4 e5 2. Nf3 d6 3. d4 Nf6 4. Nc3 exd4 5. Nxd4 Qe7 6. Bd3 d5 7. O-O Qd6 8. Ndb5 Qc6 9. exd5 Nxd5 10. Nxd5 Bd6
11. Re1+ Be6 12. Ndxc7+ Bxc7 13. Nd4 Qd7 14. Nxe6 fxe6 15. Qe2 a6 16. Qxe6+ Kd8 17. Bg5+ Kc8 18. Qxd7+ Nxd7 19. Bf5 g6 20. Bxd7+ Kxd7
21. Rad1+ Bd6 22. Re7+ Kc6 23. Re6
1-0

[Event "Players CUP 2008 <1600 DIVISION 2"]
[Site "SchemingMind.com"]
[Date "2008.07.02"]
[Round "-"]
[White "palomo"]
[Black "scottie"]
[Result "1-0"]
[WhiteCountry "ARG"]
[BlackCountry "ENG"]
[WhiteElo "1509"]
[WhiteRD "105"]
[BlackElo "1462"]
[BlackRD "76"]
[GameID "161909"]

1. e4 e5 2. Nf3 d6 3. d4 exd4 4. Nxd4 d5 5. Nc3 dxe4 6. Nxe4 Nf6 7. Bg5 Be7 8. Nxf6+ Bxf6 9. Qe2+ Qe7 10. Qxe7+ Bxe7
11. Bxe7 Kxe7 12. O-O-O Re8 13. h4 Kf8 14. Bd3 Bd7 15. h5 Nc6 16. Bxh7 Nxd4 17. Rxd4 Bc6 18. f3 g6 19. hxg6 fxg6 20. Bxg6 Re7
21. Rh8+ Kg7 22. Rxa8 Kxg6 23. Rxa7 Re2 24. Rg4+ Kf5 25. Ra5+ Ke6 26. Rg6+ Kd7 27. Rh5
1-0

[Event "Players CUP 2008 <1600 DIVISION 2"]
[Site "SchemingMind.com"]
[Date "2008.07.03"]
[Round "-"]
[White "jtrochez1"]
[Black "iain"]
[Result "1-0"]
[WhiteCountry "HON"]
[BlackCountry "USA"]
[WhiteElo "1623"]
[WhiteRD "58"]
[BlackElo "1402"]
[BlackRD "78"]
[GameID "161915"]

1. e4 e5 2. Nf3 Nc6 3. Bc4 Nf6 4. Ng5 d5 5. exd5 Na5 6. d3 Nxc4 7. dxc4 h6 8. Nxf7 Kxf7 9. h3 Bc5 10. Nc3 Re8
11. O-O Kg8 12. Re1 c6 13. a3 e4 14. Be3 Bxe3 15. fxe3 cxd5 16. Nxd5 Nxd5 17. cxd5 Qg5 18. Kh2 Rd8 19. c4 Rb8 20. b3 Qe5+
21. Kh1 Bd7 22. Qd2 b5 23. c5 a6 24. d6 Qxc5 25. b4 Qb6 26. Qd5+ Kh8 27. Rad1 Bc6 28. Qb3 a5 29. bxa5 Qxa5 30. Qb4 Qb6
31. d7 Bxd7 32. Qxe4 b4 33. axb4 Qxb4 34. Qxb4 Rxb4 35. Kh2 Re4 36. Rd4 Rxd4 37. exd4 Bb5 38. Rd1 g5 39. g4 Kg7 40. Kg3 Kf6
41. h4 h5 42. gxh5 gxh4+ 43. Kxh4 Be2 44. Rd2 Bxh5 45. Kxh5 Ke6 46. Kg5 Rd5+ 47. Kf4 Rf5+ 48. Ke4 Rd5 49. Rc2 Kd6 50. Rc8 Ke6
51. Re8+ Kd7 52. Re5 Rxe5+ 53. Kxe5 Ke7 54. Kd5 Kd7 55. Kc5
1-0

[Event "Players CUP 2008 <1600 DIVISION 2"]
[Site "SchemingMind.com"]
[Date "2008.07.03"]
[Round "-"]
[White "jtrochez1"]
[Black "scottie"]
[Result "1-0"]
[WhiteCountry "HON"]
[BlackCountry "ENG"]
[WhiteElo "1488"]
[WhiteRD "57"]
[BlackElo "1453"]
[BlackRD "73"]
[GameID "161916"]

1. e4 e5 2. Nf3 d6 3. Be2 Nf6 4. d3 Nc6 5. h3 Be7 6. Nc3 Be6 7. Be3 b6 8. a3 h6 9. Qd2 d5 10. exd5 Nxd5
11. Nxd5 Bxd5 12. c4 Be6 13. b3 Qd7 14. b4 Bf6 15. Rd1 O-O 16. Ng1 Ne7 17. Qc1 Rad8 18. Nf3 Nf5 19. O-O a6 20. Kh2 Qc6
21. Qc2 Nxe3 22. fxe3 b5 23. c5 Bd5 24. e4 Be6 25. Rd2 Rd7 26. d4 exd4 27. Bd3 Rfd8 28. e5 Be7 29. Rfd1 Bd5 30. Nxd4 Qb7
31. c6 Bxc6 32. Nxc6 Rc8 33. Bh7+ Kh8 34. Rxd7 g6 35. Bxg6 fxg6 36. Nxe7
1-0

[Event "Players CUP 2008 <1600 DIVISION 2"]
[Site "SchemingMind.com"]
[Date "2008.07.04"]
[Round "-"]
[White "jtrochez1"]
[Black "ingbeti"]
[Result "1-0"]
[WhiteCountry "HON"]
[BlackCountry "MEX"]
[WhiteElo "1525"]
[WhiteRD "60"]
[BlackElo "1578"]
[BlackRD "77"]
[GameID "161918"]

1. e4 c5 2. Nf3 e6 3. Nc3 a6 4. d4 cxd4 5. Nxd4 b5 6. Nf3 Bb7 7. Be2 Bc5 8. O-O d6 9. Qe1 Nf6 10. Bd3 O-O
11. Bg5 h6 12. Bh4 Nbd7 13. a3 Bb6 14. Rd1 Qc7 15. Qd2 d5 16. Bg3 e5 17. exd5 Nxd5 18. Nxd5 Bxd5 19. Be2 Be6 20. Qc1 Rac8
21. Bd3 Rfe8 22. Rfe1 f6 23. Bg6 Re7 24. Bd3 Nc5 25. Qb1 Nxd3 26. cxd3 Qd6 27. d4 Qc6 28. dxe5 Bb3 29. Rd6 Qc5 30. Nd4 fxe5
31. Nf5 Rf7 32. Nxh6+ gxh6 33. Qg6+ Rg7 34. Qxh6 Bc7 35. Bxe5 Rh7 36. Rg6+
1-0

[Event "Players CUP 2008 <1600 DIVISION 2"]
[Site "SchemingMind.com"]
[Date "2008.07.02"]
[Round "-"]
[White "jtrochez1"]
[Black "palomo"]
[Result "0-1"]
[WhiteCountry "HON"]
[BlackCountry "ARG"]
[WhiteElo "1623"]
[WhiteRD "58"]
[BlackElo "1557"]
[BlackRD "92"]
[GameID "161919"]

1. e4 e5 2. Nf3 Nc6 3. Nc3 Nf6 4. Bc4 Be7 5. a3 a6 6. d3 O-O 7. h3 Re8 8. Be3 d6 9. Qd2 h6 10. O-O-O Bf8
11. Ne1 Bd7 12. f4 Rb8 13. f5 b5 14. Ba2 Nd4 15. g4 Nh7 16. h4 c5 17. Bd5 b4 18. Bxd4 cxd4 19. Nb1 bxa3 20. Nxa3 Qb6
21. Nc4 Qc5 22. g5 Rb4 23. g6 Kh8 24. gxh7 f6 25. b3 a5 26. Nb2 a4 27. Kb1 axb3 28. Bxb3 Ra8 29. Nc4 Rxc4 30. Qc1 Qa5
31. Qb2 Rc3 32. Nf3 Ba4 33. Nd2 d5 34. exd5 Bxb3 35. Nxb3 Qxd5 36. Rh2 Ba3 37. Qa1 Rxb3+ 38. cxb3 Qxb3+
0-1

[Event "Players CUP 2008 <1600 DIVISION 2"]
[Site "SchemingMind.com"]
[Date "2008.07.06"]
[Round "-"]
[White "iain"]
[Black "jtrochez1"]
[Result "0-1"]
[WhiteCountry "USA"]
[BlackCountry "HON"]
[WhiteElo "1402"]
[WhiteRD "78"]
[BlackElo "1623"]
[BlackRD "58"]
[GameID "161920"]

1. d4 d5 2. c4 Nc6 3. Nc3 e6 4. Nf3 h6 5. cxd5 exd5 6. e3 a6 7. Bd3 Be6 8. O-O Bd6 9. Re1 Nf6 10. e4 Be7
11. exd5 Nxd5 12. Nxd5 Bxd5 13. Bd2 Qd7 14. Ne5 Nxe5 15. dxe5 Be6 16. a3 Bf5 17. Bxf5 Qxf5 18. Bc3 O-O 19. Qb3 b6 20. Rad1 Rad8
21. f3 Rxd1 22. Qxd1 Rd8 23. Qe2 a5 24. b4 axb4 25. Bxb4 Bxb4 26. axb4 Re8 27. Qb5 Kh8 28. Qxe8+ Kh7 29. Qc6 Qc8 30. b5 h5
31. e6 fxe6 32. Rxe6 Qd8 33. h3 Qd4+ 34. Kh2 Qf4+ 35. Kh1 Qg3 36. Qc1 Kg8 37. Qb1 h4 38. Rg6 Qe5 39. Rg4 Qe7 40. Qb3+ Kf8
41. Re4 Qg5 42. Qc4 Qd8 43. Rxh4 Qd1+ 44. Kh2 Qd6+ 45. Rf4+ Ke8 46. Kg1 Qd1+ 47. Kh2 Qd6 48. Qf7+ Kd8 49. Kg3 Kc8 50. Qe8+ Kb7
51. Qe4+ Ka7
0-1

[Event "Players CUP 2008 <1600 DIVISION 2"]
[Site "SchemingMind.com"]
[Date "2008.07.03"]
[Round "-"]
[White "scottie"]
[Black "jtrochez1"]
[Result "0-1"]
[WhiteCountry "ENG"]
[BlackCountry "HON"]
[WhiteElo "1453"]
[WhiteRD "73"]
[BlackElo "1488"]
[BlackRD "57"]
[GameID "161921"]

1. e4 e5 2. Nf3 Nc6 3. d4 exd4 4. Nxd4 Bc5 5. Nxc6 bxc6 6. Qf3 d5 7. e5 Be6 8. Bd3 Ne7 9. Nc3 h6 10. Na4 Bb6
11. Nc3 Qd7 12. b4 a6 13. Bd2 Bf5 14. O-O Bxd3 15. Qxd3 O-O 16. Qg3 Qe6 17. Rae1 Nf5 18. Qf3 Nd4 19. Qd3 Nf5 20. Re2 Rfd8
21. Na4 Ba7 22. Nc5 Bxc5 23. bxc5 a5 24. a4 Kf8 25. Rfe1 d4 26. Re4 Rd5 27. Qc4 Ne7 28. Bf4 Ng8 29. Rxd4 Nf6 30. Rxd5 Nxd5
31. Bd2 f5 32. exf6 Qxf6 33. Rb1 Rd8 34. Rb7 Qa1+
0-1

[Event "Players CUP 2008 <1600 DIVISION 2"]
[Site "SchemingMind.com"]
[Date "2008.07.06"]
[Round "-"]
[White "ingbeti"]
[Black "jtrochez1"]
[Result "1-0"]
[WhiteCountry "MEX"]
[BlackCountry "HON"]
[WhiteElo "1594"]
[WhiteRD "78"]
[BlackElo "1538"]
[BlackRD "61"]
[GameID "161923"]

1. e4 e5 2. Nf3 d6 3. d4 exd4 4. Qxd4 Nc6 5. Bb5 Bd7 6. Bxc6 Bxc6 7. Bg5 Ne7 8. Nc3 Qd7 9. O-O Ng6 10. Rad1 h6
11. Be3 Qe7 12. Nd5 Bxd5 13. exd5 Ne5 14. Nxe5 dxe5 15. Qe4 a6 16. c4 Qf6 17. Bd4 Bd6 18. c5 Be7 19. Bxe5 Qg6 20. Qxg6 fxg6
21. Bxg7 Rh7 22. Bd4 O-O-O 23. c6 bxc6 24. dxc6 Bd6 25. Rfe1 Rf7 26. g3 g5 27. Be5 g4 28. Kg2 h5 29. Bxd6 cxd6 30. Re6 Kc7
31. Rc1 Rh7 32. f3 Rf8 33. f4 Rb8 34. b3 Rb6 35. f5 Rxc6 36. Rxc6+ Kxc6 37. f6 Rf7 38. h3 Kd5 39. Re7 Rxf6 40. Ra7 Kc5
41. Rxa6 Kb4 42. h4 Kb5 43. Ra4 d5 44. Rd4 Rf5 45. a3 Kc5 46. Rd3 d4 47. Kg1 Rf3 48. Rxf3 gxf3 49. Kf2 d3 50. Ke3 f2
51. Kxf2 Kd4 52. Ke1 Kc3 53. Kd1 Kxb3 54. Kd2 Kc4 55. a4 Kb4 56. Kxd3 Kxa4 57. Ke4
1-0

[Event "Players CUP 2008 <1600 DIVISION 2"]
[Site "SchemingMind.com"]
[Date "2008.07.03"]
[Round "-"]
[White "palomo"]
[Black "jtrochez1"]
[Result "0-1"]
[WhiteCountry "ARG"]
[BlackCountry "HON"]
[WhiteElo "1557"]
[WhiteRD "92"]
[BlackElo "1623"]
[BlackRD "58"]
[GameID "161924"]

1. e4 e5 2. Nf3 Nc6 3. Bb5 d6 4. d4 Bd7 5. c3 Be7 6. O-O Bf6 7. Re1 Nge7 8. Nbd2 a6 9. Ba4 Ng6 10. Nf1 O-O
11. h3 Nh4 12. Ng3 Nxf3+ 13. Qxf3 exd4 14. Bc2 Ne5 15. Qd1 g6 16. cxd4 Nc4 17. b3 Nb6 18. e5 dxe5 19. dxe5 Bg7 20. Bf4 Qc8
21. Ne2 Bf5 22. Rc1 c6 23. Bxf5 Qxf5 24. g4 Qc8 25. Nd4 Nd5 26. Bh2 c5 27. Kh1 b6 28. Nf3 Qb7 29. Nh4 Nc3+ 30. Qf3 Qxf3+
31. Nxf3 Nxa2 32. Rc4 Nb4 33. Rd1 Rad8 34. Rd6 Nd3 35. Bg3 Rfe8 36. Bh4 Rxd6 37. exd6 f6 38. g5 f5 39. Bg3 Kf7 40. Rh4 Kg8
41. d7 Rd8 42. Bc7 Rxd7 43. Bxb6 Nxf2+ 44. Kg2 Ne4 45. Ba5 Rb7 46. Nd2 Nxd2 47. Bxd2 Rxb3 48. Be1 Bc3 49. Bxc3 Rxc3 50. Ra4 f4
51. Rxf4 c4 52. Rf3 Rb3 53. Rf1 a5 54. Ra1 Rb5 55. h4 Rf5 56. Ra4 c3 57. Rc4 Kf7 58. Rxc3 Ke6 59. Rc7 Rf7 60. Rc6+ Kf5
61. Ra6 Kg4 62. Rxa5 Kxh4 63. Ra3 Kxg5 64. Rg3+ Kf5 65. Rh3 h5 66. Rf3+ Ke6 67. Ra3 g5 68. Ra6+ Kf5 69. Ra5+ Kg4 70. Ra3 h4
71. Kh2 Rf2+ 72. Kg1 Rc2 73. Ra4+ Kg3 74. Ra8 Rc1#
0-1

[Event "Players CUP 2008 <1600 DIVISION 2"]
[Site "SchemingMind.com"]
[Date "2008.07.06"]
[Round "-"]
[White "Artur"]
[Black "jtrochez1"]
[Result "1-0"]
[WhiteCountry "POL"]
[BlackCountry "HON"]
[WhiteElo "1843"]
[WhiteRD "99"]
[BlackElo "1538"]
[BlackRD "61"]
[GameID "162369"]

1. e4 e5 2. Nf3 d6 3. d4 exd4 4. Nxd4 Nf6 5. Nc3 c6 6. Bf4 Bg4 7. f3 Bh5 8. Nf5 Nxe4 9. Qe2 d5 10. g4 Bg6
11. fxe4 Bxf5 12. exd5+ Be6 13. dxe6 Qe7 14. exf7+ Kxf7 15. Qxe7+ Bxe7 16. Bc4+ Kf8 17. O-O-O b5 18. Be6 Na6 19. Rd7 Nc5 20. Rd6 Nxe6
21. Rxe6 Rc8 22. Bd6 Bxd6 23. Rf1+ Kg8 24. Rxd6 a5 25. Ne4 h6 26. Nc5 Rh7 27. Ne6 g5 28. Rd8+ Rxd8 29. Nxd8 h5 30. Rf5 hxg4
31. Rxg5+ Kf8 32. Nxc6 a4 33. Rxg4 Rxh2 34. a3 Kf7 35. c4 bxc4 36. Rxc4 Ke6 37. Rxa4 Kd5 38. Na5 Kc5 39. Rc4+ Kb5 40. b4 Ka4
41. Rc3 Ra2 42. Nc4 Rh2 43. Nb2+ Kb5 44. Rc5+ Kb6 45. a4 Rh6 46. Nc4+ Kb7 47. b5 Kb8 48. a5 Rh7 49. b6 Rh1+ 50. Kc2 Rh2+
51. Kb3 Rh3+ 52. Kb4 Kb7 53. Rc7+ Kb8 54. a6 Rh8 55. Nd6 Rd8 56. Nb5
1-0

[Event "Players CUP 2008 <1600 DIVISION 2"]
[Site "SchemingMind.com"]
[Date "2008.07.07"]
[Round "-"]
[White "Artur"]
[Black "iain"]
[Result "1-0"]
[WhiteCountry "POL"]
[BlackCountry "USA"]
[WhiteElo "1734"]
[WhiteRD "123"]
[BlackElo "1450"]
[BlackRD "70"]
[GameID "162370"]

1. e4 e5 2. Nf3 Nc6 3. Bc4 Nf6 4. d3 Be7 5. O-O O-O 6. Be3 Ng4 7. Qd2 d6 8. Nc3 Nxe3 9. Qxe3 a6 10. a3 b5
11. Bd5 Bb7 12. b4 Rb8 13. Rfb1 Kh8 14. Ne2 f5 15. exf5 Rxf5 16. Qe4 Rf8 17. Bxc6 Bxc6 18. Qxc6 Ra8 19. c4 bxc4 20. dxc4 Qc8
21. Nc3 a5 22. Nd5 Bf6 23. Nxf6 Rxf6 24. b5 Qd8 25. Re1 Qb8 26. Re4 Qd8 27. Qd5 Qe8 28. c5 Rb8 29. a4 dxc5 30. Rxe5 Qg6
31. Nh4 Qg4 32. Re4 Qc8 33. Qxc5 g6 34. Qc3 c6 35. Qxf6+ Kg8 36. Re7
1-0

[Event "Players CUP 2008 <1600 DIVISION 2"]
[Site "SchemingMind.com"]
[Date "2008.07.07"]
[Round "-"]
[White "Artur"]
[Black "scottie"]
[Result "1-0"]
[WhiteCountry "POL"]
[BlackCountry "ENG"]
[WhiteElo "1734"]
[WhiteRD "123"]
[BlackElo "1469"]
[BlackRD "75"]
[GameID "162371"]

1. e4 e5 2. Nf3 d6 3. d4 exd4 4. Nxd4 Nf6 5. Nc3 d5 6. Bg5 Be7 7. Bxf6 Bxf6 8. exd5 O-O 9. Nf3 Bxc3+ 10. bxc3 Re8+
11. Be2 c6 12. c4 Qf6 13. O-O Nd7 14. Re1 Nb6 15. a4 Bd7 16. a5 Nc8 17. c5 cxd5 18. c4 Ne7 19. cxd5 Rac8 20. Rc1 Nf5
21. Qb3 Nd4 22. Nxd4 Qxd4 23. Qxb7 Bf5 24. Bc4 Ra8 25. d6 Bg6 26. d7 Red8 27. Qxa8 Rxa8 28. Re8+
1-0

[Event "Players CUP 2008 <1600 DIVISION 2"]
[Site "SchemingMind.com"]
[Date "2008.07.07"]
[Round "-"]
[White "Artur"]
[Black "ingbeti"]
[Result "1-0"]
[WhiteCountry "POL"]
[BlackCountry "MEX"]
[WhiteElo "1843"]
[WhiteRD "99"]
[BlackElo "1594"]
[BlackRD "78"]
[GameID "162373"]

1. e4 c5 2. c3 Nf6 3. e5 Nd5 4. d4 cxd4 5. cxd4 e6 6. Nf3 b6 7. Bd3 Ba6 8. Bxa6 Bb4+ 9. Bd2 Nxa6 10. a3 Bxd2+
11. Nbxd2 O-O 12. b4 Nac7 13. Nc4 a5 14. bxa5 bxa5 15. a4 Nc3 16. Qd3 N7d5 17. Ra3 Rb8 18. O-O Rb4 19. Rc1 f6 20. Nfd2 Rxa4
21. Rcxc3 Nxc3 22. Qxc3 Rxa3 23. Qxa3 fxe5 24. dxe5 Qa8 25. Qxa5 Qxa5 26. Nxa5 Rc8 27. Nac4 Rc6 28. f4 g6 29. g4 Kg7 30. g5 h6
31. h4 h5 32. Kf2 Kf7 33. Ke3 Ke7 34. Kd4 Ra6 35. Ne3 Ra4+ 36. Nec4 Ra1 37. Nf3 Rd1+ 38. Ke3 Rd5 39. Nd6 Rc5 40. f5 exf5
41. Kf4 Rd5 42. Nxf5+ gxf5 43. Kxf5 Kf7 44. g6+ Kg7 45. Ng5 Ra5 46. Nf7 Ra4 47. Nd6 Rxh4 48. Ne8+ Kf8 49. Kg5 Re4 50. g7+ Kg8
51. Nf6+ Kxg7 52. Nxe4 Kf7 53. Kf5 h4 54. Ng5+ Ke7 55. Kg4 d6 56. e6
1-0

[Event "Players CUP 2008 <1600 DIVISION 2"]
[Site "SchemingMind.com"]
[Date "2008.07.06"]
[Round "-"]
[White "Artur"]
[Black "palomo"]
[Result "1-0"]
[WhiteCountry "POL"]
[BlackCountry "ARG"]
[WhiteElo "1734"]
[WhiteRD "123"]
[BlackElo "1473"]
[BlackRD "148"]
[GameID "162374"]

1. e4 e5 2. Nf3 Nc6 3. Bc4 Nf6 4. d4 Be7 5. dxe5 Nxe4 6. Qd5 O-O 7. Qxe4 h6 8. Nc3 Bb4 9. Bd2 Qe8 10. O-O-O Na5
11. Nd5 Bxd2+ 12. Nxd2 Qd8 13. Bd3 a6 14. Qh7#
1-0

[Event "Players CUP 2008 <1600 DIVISION 2"]
[Site "SchemingMind.com"]
[Date "2008.07.07"]
[Round "-"]
[White "jtrochez1"]
[Black "Artur"]
[Result "0-1"]
[WhiteCountry "HON"]
[BlackCountry "POL"]
[WhiteElo "1538"]
[WhiteRD "61"]
[BlackElo "1843"]
[BlackRD "99"]
[GameID "162375"]

1. e4 e5 2. Nf3 Nf6 3. Nc3 Bb4 4. d3 d5 5. Bd2 Nc6 6. h3 d4 7. Nb1 Bxd2+ 8. Nbxd2 O-O 9. Be2 b5 10. O-O b4
11. Nc4 Re8 12. b3 Ba6 13. Nfd2 Bb5 14. f4 exf4 15. Rxf4 Nd7 16. Qf1 Nde5 17. Nxe5 Nxe5 18. Nf3 Ng6 19. Rf5 Bc6 20. a4 Qd6
21. Ng5 f6 22. Nf3 Ne5 23. Nxe5 Rxe5 24. Bf3 Bd7 25. Rxe5 Qxe5 26. Qe2 c5 27. Qd2 Qg3 28. Qf2 Qxf2+ 29. Kxf2 Re8 30. Re1 f5
31. h4 fxe4 32. Bxe4 g6 33. Bd5+ Kg7 34. Rxe8 Bxe8 35. g4 Kf6 36. Kf3 Ke5 37. Bc4 h6 38. Kg3 Bc6 39. Ba6 Bd7 40. Bc4 h5
41. Bf7 Bxg4 42. Bxg6 Bd1 43. Bf7 Bxc2 44. Bc4 Bd1 45. Ba6 Bg4 46. Bc4 Be6 47. Bxe6 Kxe6 48. Kf3 Ke5 49. a5 a6 50. Kg3 c4
51. dxc4 d3 52. Kf2 Kd4 53. Ke1 Kc3 54. Kd1 Kxb3 55. c5 Ka4 56. c6 b3 57. Kc1 Ka3 58. c7 b2+ 59. Kd2 b1=Q 60. c8=Q Qc2+
61. Qxc2 dxc2 62. Kxc2 Kb4 63. Kb2 Kxa5 64. Kb3 Kb5 65. Kc3 Kc5 66. Kd3 Kd5 67. Ke3 Ke5 68. Kf3 a5
0-1

[Event "Players CUP 2008 <1600 DIVISION 2"]
[Site "SchemingMind.com"]
[Date "2008.07.07"]
[Round "-"]
[White "iain"]
[Black "Artur"]
[Result "1-0"]
[WhiteCountry "USA"]
[BlackCountry "POL"]
[WhiteElo "1450"]
[WhiteRD "70"]
[BlackElo "1734"]
[BlackRD "123"]
[GameID "162376"]

1. d4 d5 2. c4 e6 3. Nc3 Nf6 4. cxd5 exd5 5. Nf3 Nbd7 6. Bg5 Be7 7. e3 O-O 8. Bd3 c6 9. O-O Re8 10. Nd2 Nf8
11. e4 Ne6 12. Nf3 Nxg5 13. Nxg5 h6 14. Nf3 dxe4 15. Nxe4 Nxe4 16. Bxe4 Bf6 17. a3 Rxe4 18. b4 Bg4 19. Qd3 Bxf3 20. Qxf3 Qxd4
21. Rad1 Qe5 22. g3 Rd4 23. Rfe1 Qd5 24. Qxd5 Re4 25. Qxe4
1-0